| 000 | 01768nkm a2200337 4500 | ||
|---|---|---|---|
| 001 | RU\NLR\DIGIT\3520 | ||
| 005 | 20260628140844.0 | ||
| 035 | _a(NLR Aleph) 010107527 | ||
| 090 |
_a13737730 _c13737730 |
||
| 100 | _a20020527f18201829|||y0rusy50 ca | ||
| 101 | 0 |
_arus _afre |
|
| 102 | _aRU | ||
| 135 | _acoco 024apabr | ||
| 200 | 1 |
_aЛавра Св. Александра Невского _dCouvent de St. Alexandre Nevsky |
|
| 215 | _aЛитография | ||
| 325 | _aКопия доступна в Электрон. б-ке РНБ http://vivaldi.nlr.ru/le000000003/view | ||
| 461 | 0 |
_12001#$aСобрание видов Санкт-Петербурга и окрестностей. 2-е изд. _1210##$aСанкт-Петербург$cОбщество Поощрения Художеств$d[середина 1820-х] _tСобрание видов Санкт-Петербурга и окрестностей. 2-е изд. |
|
| 700 | 1 |
_aБеггров _bК. П. _cрис. на камне _f1779-1875 _gКарл Петрович (Карл-Иоахим) _4040 |
|
| 701 | 1 |
_aСабат _bК. Ф. _cрис. с натуры _4040 |
|
| 701 | 1 |
_aШифляр _bС. П. _4040 |
|
| 801 | 2 |
_aRU _bNLR _c20070626 _2rusmarc |
|
| 852 |
_aNLR _jЭ ГТ63/5-Л452 инв. 209 (С.с.п.5) |
||
| 856 | 0 | _uhttp://vivaldi.nlr.ru/le000000003/view | |
| 856 | 1 | _uhttp://vivaldi.nlr.ru/le000000003/cover | |
| 856 | 2 | _uhttp://vivaldi.nlr.ru/le000000003/text | |
| 942 | _cVISUAL | ||
| 980 | _aNB | ||
| 981 | 3 | 6 | _a(36) Цифровой репозиторий РНБ |
| 981 | 3 | 4 |
_a(34) Санкт-Петербург _b(34) Санкт-Петербург в графике |
| 981 | 1 | 7 |
_a(17) Изографические материалы _b(17) Эстампы |